<?xml version="1.0" encoding="UTF-8"?>
<record
    xmlns:xsi="http://www.w3.org/2001/XMLSchema-instance"
    xsi:schemaLocation="http://www.loc.gov/MARC21/slim http://www.loc.gov/standards/marcxml/schema/MARC21slim.xsd"
    xmlns="http://www.loc.gov/MARC21/slim">

  <leader>01399nam a22002777a 4500</leader>
  <controlfield tag="001">000762</controlfield>
  <controlfield tag="003">DO-SdBNP</controlfield>
  <controlfield tag="005">20180214110653.0</controlfield>
  <controlfield tag="007">000762</controlfield>
  <controlfield tag="008">161129b   2010  uy  a  ||||| |||| 00| 0 spa d</controlfield>
  <datafield tag="020" ind1=" " ind2=" ">
    <subfield code="a">9789974686724</subfield>
  </datafield>
  <datafield tag="040" ind1=" " ind2=" ">
    <subfield code="a">BPMSU</subfield>
    <subfield code="b">spa</subfield>
    <subfield code="c">BPMSU</subfield>
  </datafield>
  <datafield tag="082" ind1=" " ind2="4">
    <subfield code="a">600</subfield>
    <subfield code="b">A559d</subfield>
  </datafield>
  <datafield tag="100" ind1="1" ind2=" ">
    <subfield code="a">Andreis, Claudia</subfield>
  </datafield>
  <datafield tag="245" ind1="1" ind2="0">
    <subfield code="a">A descubrir y conocer la magia de la tecnolog&#xED;a : </subfield>
    <subfield code="b">iniciaci&#xF3;n al conocimiento tecnol&#xF3;gico aplicado /</subfield>
    <subfield code="c">redacci&#xF3;n  Claudia  Andreis. </subfield>
  </datafield>
  <datafield tag="260" ind1="0" ind2=" ">
    <subfield code="a">Montevideo, Rep. Oriental del Uruguay : </subfield>
    <subfield code="b">Arquetipo Grupo Editorial, </subfield>
    <subfield code="b">Lexus,</subfield>
    <subfield code="c">2010.</subfield>
  </datafield>
  <datafield tag="300" ind1=" " ind2=" ">
    <subfield code="a">264 p. : </subfield>
    <subfield code="b">il. ; </subfield>
    <subfield code="c">27 cm. +</subfield>
    <subfield code="e">CD-ROM</subfield>
  </datafield>
  <datafield tag="505" ind1="0" ind2=" ">
    <subfield code="t">Introducci&#xF3;n a la tecnolog&#xED;a. Antes y ahora --</subfield>
    <subfield code="t"> La vivienda. Casa para todos --</subfield>
    <subfield code="t">La escuela. Un lugar para aprender --</subfield>
    <subfield code="t">La alimentaci&#xF3;n. &#xA1;Saber qu&#xE9; comemos! --</subfield>
    <subfield code="t">El transporte. De aqu&#xED; para all&#xE1; --</subfield>
    <subfield code="t"> La vestimenta. &#xA1;A vestirse! --</subfield>
    <subfield code="t">La comunicaci&#xF3;n y la informaci&#xF3;n. &#xA1;De las cuevas a los sat&#xE9;lites! --</subfield>
    <subfield code="t">El recreaci&#xF3;n. &#xA1;Qu&#xE9; divertido! --</subfield>
    <subfield code="t"> La energ&#xED;a y las m&#xE1;quinas. Una buena ayuda --</subfield>
    <subfield code="t">El ambiente y el hombre. &#xA1;Protejamos nuestro planeta! --</subfield>
    <subfield code="t">Recorrimos juntos un m&#xE1;gico mundo.</subfield>
  </datafield>
  <datafield tag="650" ind1=" " ind2="4">
    <subfield code="a">TECNOLOG&#xCD;A</subfield>
  </datafield>
  <datafield tag="650" ind1=" " ind2="4">
    <subfield code="a">COMUNICACI&#xD3;N</subfield>
  </datafield>
  <datafield tag="650" ind1=" " ind2="4">
    <subfield code="a">INDUSTRIA TEXTIL</subfield>
  </datafield>
  <datafield tag="910" ind1=" " ind2=" ">
    <subfield code="a">Validado. Control de calidad MFF</subfield>
  </datafield>
  <datafield tag="942" ind1=" " ind2=" ">
    <subfield code="2">ddc</subfield>
    <subfield code="c">BK</subfield>
  </datafield>
  <datafield tag="945" ind1=" " ind2=" ">
    <subfield code="a">Inventariado, 2018/MFF</subfield>
  </datafield>
  <datafield tag="952" ind1=" " ind2=" ">
    <subfield code="0">0</subfield>
    <subfield code="1">0</subfield>
    <subfield code="2">ddc</subfield>
    <subfield code="4">0</subfield>
    <subfield code="7">0</subfield>
    <subfield code="8">CI-G</subfield>
    <subfield code="a">BPMET</subfield>
    <subfield code="b">BPMET</subfield>
    <subfield code="d">2016-11-29</subfield>
    <subfield code="e">Sin sellar</subfield>
    <subfield code="l">0</subfield>
    <subfield code="o">600  A559d</subfield>
    <subfield code="p">BPMSU16111625</subfield>
    <subfield code="r">2016-11-29</subfield>
    <subfield code="w">2016-11-29</subfield>
    <subfield code="y">BK</subfield>
  </datafield>
  <datafield tag="952" ind1=" " ind2=" ">
    <subfield code="0">0</subfield>
    <subfield code="1">0</subfield>
    <subfield code="2">ddc</subfield>
    <subfield code="4">0</subfield>
    <subfield code="7">0</subfield>
    <subfield code="8">CI-D</subfield>
    <subfield code="a">BPMET</subfield>
    <subfield code="b">BPMET</subfield>
    <subfield code="d">2016-11-29</subfield>
    <subfield code="e">Sin sellar</subfield>
    <subfield code="l">0</subfield>
    <subfield code="o">600  A559d</subfield>
    <subfield code="p">BPMSU16111626</subfield>
    <subfield code="r">2016-11-29</subfield>
    <subfield code="t">e. 2</subfield>
    <subfield code="w">2016-11-29</subfield>
    <subfield code="y">BK</subfield>
  </datafield>
  <datafield tag="956" ind1=" " ind2=" ">
    <subfield code="2">LOPEREZ</subfield>
    <subfield code="3">10</subfield>
    <subfield code="6">20161129</subfield>
    <subfield code="8">BPMSU</subfield>
    <subfield code="a">00041</subfield>
  </datafield>
  <datafield tag="999" ind1=" " ind2=" ">
    <subfield code="c">12149</subfield>
    <subfield code="d">12149</subfield>
  </datafield>
</record>
